000 00682nam a2200289Ia 4500
005 20260324145246.0
008 008 260324s9999 xx 000 0 eng d
020 _a9781315825670
037 _aEBOOK
040 _aCRL
040 _beng
040 _cCRL
041 _2eng
041 _aeng
084 _qCRL
100 _aRon Langevin
_91221104
245 0 _aSexual Strands
245 0 _bUnderstanding and Treating Sexual Anomalies in Men
260 _bTaylor and Francis
260 _c1983
365 _a
365 _b240
856 _uhttp://www.taylorfrancis.com/books/9781315825670
942 _cEBOOK
999 _c1829978
_d1829978